[Event "Bodensee Seniors op"]
[Site "Bregenz"]
[Date "2019.06.01"]
[Round "7"]
[White "Lais, Ingo"]
[Black "Vilerte, Tamara"]
[Result "0-1"]
[WhiteElo "1608"]
[BlackElo "1963"]
[PlyCount "42"]
[EventDate "2019.05.26"]
[EventType "swiss"]
[EventRounds "7"]
[EventCountry "AUT"]
[SourceTitle "CBM 190 Extra"]
[Source "ChessBase"]
[SourceDate "2019.07.15"]
[SourceVersion "1"]
[SourceVersionDate "2019.07.15"]
[SourceQuality "1"]

1. d4 c5 2. d5 e6 3. e4 d6 4. Nc3 e5 5. Bb5+ Nd7 6. Nf3 Be7 7. 0-0 a6 8. Be2 b5 9. a3 Ngf6 10. b4 0-0 11. Bg5 Ne8 12. Bxe7 Qxe7 13. Nd2 cxb4 14. axb4 Nb6 15. Bxb5 axb5 16. Nxb5 Ba6 17. Rxa6 Rxa6 18. c4 Nxc4 19. Nxc4 Qb7 20. Nca3 Nc7 21. Nxc7 Rxa3 0-1

[Event "AUT-chT2W 9495"]
[Site "Austria"]
[Date "1995.??.??"]
[Round "?.8"]
[White "Lais, Ingo"]
[Black "Baumann, Willi"]
[Result "0-1"]
[WhiteElo "1805"]
[BlackElo "1640"]
[PlyCount "72"]
[EventDate "1994.??.??"]
[EventType "team"]
[EventRounds "9"]
[EventCountry "AUT"]
[SourceTitle "EXT 1999"]
[Source "ChessBase"]
[SourceDate "1998.11.16"]
[SourceVersion "1"]
[SourceVersionDate "1998.11.16"]
[SourceQuality "1"]

1. d4 e6 2. c4 b6 3. e4 Bb7 4. Bd3 Bb4+ 5. Nc3 f5 6. Qe2 fxe4 7. Bxe4 Bxe4 8. Qxe4 Nc6 9. Nge2 Nf6 10. Qd3 0-0 11. Bg5 Qe8 12. f3 Qh5 13. h4 e5 14. 0-0-0 exd4 15. Bxf6 Rxf6 16. Nd5 Rd6 17. g4 Qf7 18. f4 Re8 19. a3 Rxd5 20. cxd5 Re3 21. Qa6 Qxd5 22. axb4 Nxb4 23. Qc8+ Kf7 24. Nc3 Qc6 25. Kb1 Rxc3 26. bxc3 Qa4 27. Rd2 Nd5 28. Rc1 dxc3 29. Ra2 Qb5+ 30. Ka1 a5 31. Re1 Ne3 32. Qxc7 Qd3 33. Qe5 c2 34. Qh5+ Kf8 35. g5 Qc3+ 36. Rb2 c1Q+ 0-1